Applied numerical methods for engineers using Matlab and C (Record no. 131567)

MARC details
000 -LEADER
fixed length control field 00394nam a2200145Ia 4500
008 - FIXED-LENGTH DATA ELEMENTS--GENERAL INFORMATION
fixed length control field 230917s9999||||xx |||||||||||||| ||und||
040 ## - CATALOGING SOURCE
-- 112842
Original cataloging agency VIVEKANANDA LIBRARY
041 ## - Language
-- English
082 ## - DDC NUMBER
Classification number 005.1 S33A
100 ## - MAIN ENTRY--PERSONAL NAME
Personal name Schilling, Robert J
245 #0 - TITLE STATEMENT
Title Applied numerical methods for engineers using Matlab and C
260 ## - PUBLICATION, DISTRIBUTION, ETC. (IMPRINT)
Place of publication, distribution, etc Singapore
Name of publisher, distributor, etc Thomson Asia
Date of publication, distribution, etc 2002
300 ## - PHYSICAL DESCRIPTION
Pages xxx, 715 p.
942 ## - ADDED ENTRY ELEMENTS (KOHA)
Koha item type Books
Holdings
Withdrawn status Lost status Damaged status Not for loan Location (home branch) Sublocation or collection (holding branch) Shelving location Date acquired Koha issues (times borrowed) Koha full call number Accession No. Koha date last seen Koha item type
        VIVEKANANDA LIBRARY VIVEKANANDA LIBRARY UIET Library 18/01/2007   005.1 S33A 230322 17/09/2023 Books
        VIVEKANANDA LIBRARY VIVEKANANDA LIBRARY UIET Library 18/01/2007   005.1 S33A 230323 17/09/2023 Books
        VIVEKANANDA LIBRARY VIVEKANANDA LIBRARY UIET Library 18/01/2007   005.1 S33A 230324 17/09/2023 Books
        VIVEKANANDA LIBRARY VIVEKANANDA LIBRARY UIET Library 18/01/2007   005.1 S33A 230325 17/09/2023 Books
        VIVEKANANDA LIBRARY VIVEKANANDA LIBRARY UIET Library 18/01/2007   005.1 S33A 230326 17/09/2023 Books
        VIVEKANANDA LIBRARY VIVEKANANDA LIBRARY UIET Library 18/01/2007   005.1 S33A 230327 17/09/2023 Books
        VIVEKANANDA LIBRARY VIVEKANANDA LIBRARY UIET Library 18/01/2007   005.1 S33A 230328 17/09/2023 Books
© Designed and Maintained by Vivekananda Library, MDU Rohtak